000 00525nam a2200193Ia 4500
005 20250508160808.0
008 008 250505s9999 xx 000 0 eng d
037 _aTextual
040 _aFEDL
_beng
_cFEDL
041 _aeng
_2eng
084 _a373.973, THO
_qFEDL
100 _aThornton James W
_9763574
245 0 _aCommunity junior college
250 _a3rd
260 _aNew York, USA
_bJohn Wiley and Sons
_c1972
300 _ax,304p.
942 _cTEXL
_h373.973, THO
999 _c1366679
_d1366679